| 000 | 00762nam a22002057a 4500 | ||
|---|---|---|---|
| 999 |
_c15765 _d15765 |
||
| 003 | OSt | ||
| 005 | 20201123093621.0 | ||
| 008 | 181213b ||||| |||| 00| 0 eng d | ||
| 022 | _a0730-3084 | ||
| 040 | _c0 | ||
| 082 | _aDPer 613.705 J863 Sept 2015-Apr 2016 v. 86-87 | ||
| 100 |
_aSchwamberger, Benjamin. _942566 |
||
| 245 |
_a Connecting physical education to out-of-school physical activity: _bthrough sport education/ _cBenjamin Schwamberger and Oleg Sinelnikov. |
||
| 260 |
_aPhiladelphia: _bShape America-Society of Health and Physical Educators, _c©Sept 2015-Apr 2016. |
||
| 300 |
_av86, n9, pages 39-44: _billustrations; _c28 cm. |
||
| 500 | _aJOPERD | ||
| 650 |
_aRecreation. _933110 |
||
| 700 |
_aSinelnikov, O. _eAuthor. _942574 |
||
| 942 |
_2ddc _cPER |
||